Normal view
MARC view
- Sosa Castilla, Florinda
Entry Nombre Personal
001 - NUMERO DE CONTROL
- campo de control: 50207
003 - IDENTIFICADOR DE NUMERO DE CONTROL
- campo de control: MX-MxUPN
005 - FECHA Y HORA DE LA ÜLTIMA TRANSACCIÓN
- campo de control: 20231010121704.0
008 - DATOS DE LONGITUD FIJA
- campo de control de longitud fija: 231010|| aca||aabn | a|a d
040 ## - FUENTE DE CATALOGACIÓN
- Agencia original de catalogación: MX-MxUPN
- Lenguaje de catalogación: spa
- Agencia de transcripción: MX-MxUPN
100 1# - ENCABEZAMIENTO - NOMBRE PERSONAL
- Nombre personal: Sosa Castilla, Florinda
670 ## - FUENTE EN LA QUE SE LOCALIZARON DATOS
- Cita de la fuente: Maaya t'aan : lengua maya : Campeche, Quintana Roo y Yucatán : segundo grado, 1994
- Información localizada: página legal (Florinda Sosa Castilla)
902 ## - CATALOGADOR
- Catalogador: Víctor Ruiz/101023
